00401nam a22001097a 4500082001500000100002500015245003700040260003200077300002900109500009600138856005700234 aMSCS-4 FAR aShahzad Ahmed Farooq aSecurity in telesurgical systems aIslamabadbNUST-SEECSc2015 a83p.b27cm.eCD Includes aSupervisors: Dr. Sohail Iqbal, Dr. Abdul Ghafoor, Dr. Osman Hassan, Dr. Iftikhar Ahmed Rana uhttp://10.250.8.41:8080/xmlui/handle/123456789/32016